Países más cercanos a Andorra - Estadísticas

Estadísticas generales
  • Esta prueba ha sido intentada 3.273 veces
  • La puntuación promedio es 17 de 20
Estadísticas de respuestas
km País % Correcto
0 España
100%
0 Francia
100%
485 Italia
99%
718 Alemania
97%
637 Portugal
95%
821 Bélgica
94%
515 Suiza
94%
956 Países Bajos
93%
904 Reino Unido
91%
474 Mónaco
90%
793 Austria
88%
832 Luxemburgo
88%
867 Marruecos
88%
880 Ciudad del Vaticano
87%
873 San Marino
85%
784 Liechtenstein
79%
637 Argelia
76%
996 Eslovenia
72%
856 Túnez
71%
988 Croacia
60%
No se encontraron pruebas coincidentes
Distribución de puntuación
Porcentaje de gente con cada puntuación
Porcentaje por número respondido
Historial de tus puntuaciones
No has intentado esta prueba.